<?xml version="1.0" encoding="UTF-8"?>
<record
    xmlns:xsi="http://www.w3.org/2001/XMLSchema-instance"
    xsi:schemaLocation="http://www.loc.gov/MARC21/slim http://www.loc.gov/standards/marcxml/schema/MARC21slim.xsd"
    xmlns="http://www.loc.gov/MARC21/slim">

  <leader>04168nam a22002777i 4500</leader>
  <controlfield tag="003">DO-SdBNP</controlfield>
  <controlfield tag="005">20250916082044.0</controlfield>
  <controlfield tag="007">ta</controlfield>
  <controlfield tag="008">220617b1992    dr da||| |||| 00| 0 spa d</controlfield>
  <datafield tag="040" ind1=" " ind2=" ">
    <subfield code="a">DO-SdBNP</subfield>
    <subfield code="b">spa</subfield>
    <subfield code="c">BNPHU</subfield>
    <subfield code="e">rda</subfield>
  </datafield>
  <datafield tag="041" ind1=" " ind2=" ">
    <subfield code="a">spa</subfield>
  </datafield>
  <datafield tag="082" ind1=" " ind2="4">
    <subfield code="a">330.97293</subfield>
    <subfield code="b">S113e, 1992</subfield>
    <subfield code="2">22</subfield>
  </datafield>
  <datafield tag="245" ind1="0" ind2="0">
    <subfield code="a">S&#xE1;bado econ&#xF3;mico :</subfield>
    <subfield code="b">n&#xFA;meros 105-156 /</subfield>
    <subfield code="c">editor Andr&#xE9;s Dauhajre hijo</subfield>
  </datafield>
  <datafield tag="264" ind1=" " ind2=" ">
    <subfield code="a">Santo Domingo :</subfield>
    <subfield code="b">Fundaci&#xF3;n Econom&#xED;a y Desarrollo,</subfield>
    <subfield code="c">1992.</subfield>
  </datafield>
  <datafield tag="300" ind1=" " ind2=" ">
    <subfield code="a">543 paginas :</subfield>
    <subfield code="b">ilustraciones, gr&#xE1;ficas. ;</subfield>
    <subfield code="c">22 cm.</subfield>
  </datafield>
  <datafield tag="336" ind1=" " ind2=" ">
    <subfield code="2">rdacontent</subfield>
    <subfield code="a">texto</subfield>
    <subfield code="b">txt</subfield>
  </datafield>
  <datafield tag="337" ind1=" " ind2=" ">
    <subfield code="2">rdamedia</subfield>
    <subfield code="a">sin mediaci&#xF3;n</subfield>
    <subfield code="b">n</subfield>
  </datafield>
  <datafield tag="338" ind1=" " ind2=" ">
    <subfield code="2">rdacarrier</subfield>
    <subfield code="a">volumen</subfield>
    <subfield code="b">nc</subfield>
  </datafield>
  <datafield tag="505" ind1=" " ind2=" ">
    <subfield code="a">N&#xB0; 105. El control de alquileres 3 -- Vivienda y construcci&#xF3;n 9 -- N&#xB0; 106. 10 razones para privatizar 13 -- N&#xB0; 107. Comportamiento banca comercial 1989 20 -- Marruecos: decisi&#xF3;n real a favor de la inversi&#xF3;n extranjera 26 -- Adriano y las leyes econ&#xF3;micas 27 -- N&#xB0; 108. Las empresas del pueblo 32 -- N&#xB0; 109. Privatizaci&#xF3;n: algunas lecciones internacionales 39 -- De Alemania del este a la del oeste: &#xBF;alguna raz&#xF3;n? 46 -- Declaraci&#xF3;n jurada 51 -- Lo publico y lo privado 52 -- N&#xB0; 110. Carta de un accionista de corde 54 -- N&#xB0; 111. Como desarrollar la Rep&#xFA;blica Dominicana 61 -- N&#xB0; 112. La gallinita roja 69 -- N&#xB0; 113. Adam Smith en Argentina 73 -- N&#xB0; 114. El presupuesto en gr&#xE1;ficos 87 -- N&#xB0; 115. Varios errores sobre la luz el&#xE9;ctrica 93 -- N&#xB0; 116. Obst&#xE1;culos sem&#xE1;nticos: trampas y espejismos 102 -- N&#xB0; 117. El futuro del sistema financiero 109 -- N&#xB0; 118. Econom&#xED;a Dominicana 1989 114 -- N&#xB0; 119. Ense&#xF1;anza de un banquero central 150 -- N&#xB0; 120. Incidencias de las pol&#xED;ticas de presupuesto publico implementadas en la Republica Dominicana 156 -- N&#xB0; 121. Panorama econ&#xF3;mico Dominicano 165 -- N&#xB0; 122. La situaci&#xF3;n cambiaria y el equilibrio macroecon&#xF3;mico en Rep&#xFA;blica Dominicana: diagnostico y pol&#xED;ticas 171 -- N&#xB0; 123. La misi&#xF3;n 187 -- N&#xB0; 124. Lineamientos estrat&#xE9;gicos para el desarrollo econ&#xF3;mico de la Rep&#xFA;blica Dominicana: presentaci&#xF3;n 193 -- N&#xB0; 125. Mercado y libertad 208 -- N&#xB0; 126. De la lambada a color de mello 215 -- N&#xB0; 127. La nueva pol&#xED;tica econ&#xF3;mica aplicada 226 -- N&#xB0; 128. La tasa de cambio en gr&#xE1;ficos 232 -- N&#xB0; 129. Artistas, intelectuales y la econom&#xED;a de mercado 249 -- N&#xB0; 130. Las utilidades de las empresas de corde 255 -- N&#xB0;131. Austeridad si pero en el sector p&#xFA;blico 267 -- N&#xB0; 132. Un programa anti-inflacionario 271 -- N&#xB0; 133. Imprima, mi frente, imprima 287 -- N&#xB0; 134. Las verdaderas opciones de los paises deudores 293 -- N&#xB0; 135. Prohibiendo importaciones salvamos al pa&#xED;s 310 -- N&#xB0; 136. Las promesas de Balaguer 316 -- N&#xB0; 137. Enfoque pol&#xED;tico de los ajustes econ&#xF3;micos (I) 330 -- N&#xB0; 138. La batalla de collor en Brasil 337 -- N&#xB0; 139. La inflamaci&#xF3;n como impuesto en la Rep&#xFA;blica Dominicana 355 -- N&#xB0; 140. Credibilidad y &#xE9;xito del programa de ajuste 361 -- N&#xB0; 141. A quien beneficia la reforma arancelaria 382 -- N&#xB0; 142. Salud y crisis econ&#xF3;mica: el hospital Toribio Bencosme en Moca 388 -- N&#xB0; 143. El moderno Adam Smith 397 -- N&#xB0; 144. Taiw&#xE1;n y Corea: dos senderos hacia la prosperidad 403 -- N&#xB0; 145. Una alternativa: bloques regionales de comercia 416 -- N&#xB0; 146. Los empresarios y la reforma arancelaria 423 -- N&#xB0; 147. El manifiesto capitalista: el libre mercado es el &#xFA;nico sistema economico moral 441 -- N&#xB0; 148. &#xBF;Por que usted no tiene carro? 446 -- N&#xB0; 149. La tasa de cambio en gr&#xE1;ficos 455 -- N&#xB0; 150. Popularismo macroecon&#xF3;mico: el chile de allende 461 -- N&#xB0; 151. Rusia descubre el mercado 475 -- N&#xB0; 152. Gobernadores e inorg&#xE1;nicos: el ranking de los emisores 482 -- N&#xB0; 153. Maxi-devaluaci&#xF3;n y credibilidad 495 -- N&#xB0; 154. Popularismo macroecon&#xF3;mico: el Per&#xFA; de Alan Garc&#xED;a 502 -- N&#xB0; 155. Los cinco desaf&#xED;os de Am&#xE9;rica Latina 518 -- N&#xB0; 156. Presidentes e inorg&#xE1;nicos: ranking de los demandantes de inorg&#xE1;nicos 524</subfield>
  </datafield>
  <datafield tag="590" ind1=" " ind2=" ">
    <subfield code="a">Inventariado 2022 / DG</subfield>
  </datafield>
  <datafield tag="651" ind1=" " ind2="4">
    <subfield code="a">Rep&#xFA;blica Dominicana</subfield>
    <subfield code="x">Condiciones econ&#xF3;micas</subfield>
    <subfield code="y">1961-</subfield>
    <subfield code="9">7344</subfield>
  </datafield>
  <datafield tag="651" ind1=" " ind2="4">
    <subfield code="a">Am&#xE9;rica Latina</subfield>
    <subfield code="x">Pol&#xED;tica econ&#xF3;mica</subfield>
    <subfield code="y">1982-</subfield>
    <subfield code="9">81872</subfield>
  </datafield>
  <datafield tag="700" ind1="1" ind2=" ">
    <subfield code="a">Dauhajre, Andr&#xE9;s</subfield>
    <subfield code="e">ed.</subfield>
    <subfield code="q">hijo</subfield>
    <subfield code="9">6000</subfield>
  </datafield>
  <datafield tag="910" ind1=" " ind2=" ">
    <subfield code="a">DG</subfield>
  </datafield>
  <datafield tag="942" ind1=" " ind2=" ">
    <subfield code="2">ddc</subfield>
    <subfield code="c">LBS1</subfield>
  </datafield>
  <datafield tag="952" ind1=" " ind2=" ">
    <subfield code="0">0</subfield>
    <subfield code="1">0</subfield>
    <subfield code="2">ddc</subfield>
    <subfield code="5">1</subfield>
    <subfield code="7">0</subfield>
    <subfield code="8">PD</subfield>
    <subfield code="a">BNPHU</subfield>
    <subfield code="b">BNPHU</subfield>
    <subfield code="c">CT</subfield>
    <subfield code="d">2022-11-07</subfield>
    <subfield code="e">Donado</subfield>
    <subfield code="l">0</subfield>
    <subfield code="o">BNPHU PD 330.97293 S113e, 1992</subfield>
    <subfield code="p">2022-4992</subfield>
    <subfield code="r">2022-11-07</subfield>
    <subfield code="w">2022-11-07</subfield>
    <subfield code="y">LBS1</subfield>
  </datafield>
  <datafield tag="952" ind1=" " ind2=" ">
    <subfield code="0">0</subfield>
    <subfield code="1">0</subfield>
    <subfield code="2">ddc</subfield>
    <subfield code="5">1</subfield>
    <subfield code="7">0</subfield>
    <subfield code="8">PD</subfield>
    <subfield code="a">BNPHU</subfield>
    <subfield code="b">BNPHU</subfield>
    <subfield code="c">CT</subfield>
    <subfield code="d">2022-11-07</subfield>
    <subfield code="e">Donado</subfield>
    <subfield code="l">0</subfield>
    <subfield code="o">BNPHU PD 330.97293 S113e, 1992</subfield>
    <subfield code="p">2022-4996</subfield>
    <subfield code="r">2022-11-07</subfield>
    <subfield code="t">e.2</subfield>
    <subfield code="w">2022-11-07</subfield>
    <subfield code="y">LBS1</subfield>
  </datafield>
  <datafield tag="952" ind1=" " ind2=" ">
    <subfield code="0">0</subfield>
    <subfield code="1">0</subfield>
    <subfield code="2">ddc</subfield>
    <subfield code="5">6</subfield>
    <subfield code="7">0</subfield>
    <subfield code="8">DS</subfield>
    <subfield code="a">BNPHU</subfield>
    <subfield code="b">BNPHU</subfield>
    <subfield code="c">CT</subfield>
    <subfield code="d">2022-11-07</subfield>
    <subfield code="e">Donado</subfield>
    <subfield code="l">0</subfield>
    <subfield code="o">BNPHU DS 330.97293 S113e, 1992</subfield>
    <subfield code="p">2022-4997</subfield>
    <subfield code="r">2022-11-07</subfield>
    <subfield code="t">e.3</subfield>
    <subfield code="w">2022-11-07</subfield>
    <subfield code="y">LBS1</subfield>
  </datafield>
  <datafield tag="952" ind1=" " ind2=" ">
    <subfield code="0">0</subfield>
    <subfield code="1">0</subfield>
    <subfield code="2">ddc</subfield>
    <subfield code="5">6</subfield>
    <subfield code="7">0</subfield>
    <subfield code="8">DS</subfield>
    <subfield code="a">BNPHU</subfield>
    <subfield code="b">BNPHU</subfield>
    <subfield code="c">CT</subfield>
    <subfield code="d">2023-12-05</subfield>
    <subfield code="e">donaci&#xF3;n</subfield>
    <subfield code="l">0</subfield>
    <subfield code="o">BNPHU DS 330.97293 S113e, 1992</subfield>
    <subfield code="p">2023-8242</subfield>
    <subfield code="r">2023-12-05</subfield>
    <subfield code="t">e.4</subfield>
    <subfield code="w">2023-12-05</subfield>
    <subfield code="y">LBS1</subfield>
  </datafield>
  <datafield tag="952" ind1=" " ind2=" ">
    <subfield code="0">0</subfield>
    <subfield code="1">0</subfield>
    <subfield code="2">ddc</subfield>
    <subfield code="5">6</subfield>
    <subfield code="7">0</subfield>
    <subfield code="8">DS</subfield>
    <subfield code="a">BNPHU</subfield>
    <subfield code="b">BNPHU</subfield>
    <subfield code="c">CT</subfield>
    <subfield code="d">2025-09-16</subfield>
    <subfield code="e">donaci&#xF3;n</subfield>
    <subfield code="l">0</subfield>
    <subfield code="o">BNPHU DS 330.97293 S113e, 1992</subfield>
    <subfield code="p">2025-10233</subfield>
    <subfield code="r">2025-09-16</subfield>
    <subfield code="t">e.5</subfield>
    <subfield code="w">2025-09-16</subfield>
    <subfield code="y">LBS1</subfield>
    <subfield code="z">familia Reyes Dulup</subfield>
  </datafield>
  <datafield tag="999" ind1=" " ind2=" ">
    <subfield code="c">52809</subfield>
    <subfield code="d">52809</subfield>
  </datafield>
</record>
